00786nam a22002417a 45000010005000000030006000050050017000110080041000280400029000690500013000980820011001111000017001222450047001392500046001862600036002323000047002684900033003155050007003485200091003555210019004465210018004656500061004837282FISKH20250828151839.0250708b cb ||||| |||| 00| 0 eng d aFISKHbengcFISKHdFISKH aQL78.F59 a597.07 aFoley, Cate  aLet's go to the Aquarium /cby Cate Foley  aFirst Scholastic printing, September 2002 aNew York : bScholastic, c2001 a24 pages : bcolor illustrations ; c16 cm aWelcome Books: vWeekend Fun aE  aSimple text and photos introduce some of the animals one can see at a marine aquarium.8 a270 bLexile 8 aE bRaz-Plus  aAmerica the Beautiful vAquariumxScienceySea Creatures